|
|
|
|
| LEADER |
00000naa0a2200000 4500 |
| 001 |
594124 |
| 005 |
20250131132816.0 |
| 035 |
|
|
|a (RuTPU)RU\TPU\tpu\8507
|
| 035 |
|
|
|a RU\TPU\tpu\8481
|
| 090 |
|
|
|a 594124
|
| 100 |
|
|
|a 20020513d1986 k y0rusy50 ca
|
| 101 |
0 |
|
|a rus
|
| 102 |
|
|
|a RU
|
| 200 |
1 |
|
|a Газохроматографическое исследование смолы пиролиза
|f Л. С. Блинова, В. Н. Носенко, В. Г. Коробочкина
|
| 320 |
|
|
|a Библиогр.: 2 назв. - Деп. в ОНИИТЭХим г. Черкассы 12.06.86, № 770-ХП-86.
|
| 463 |
|
|
|t Материалы научно-практической конференции "Методы исследования в химии и химической технологии" (Томск, 20-22 мая 1986 г.)
|o секция "Научные основы и исследования процессов переработки горючих ископаемых"
|v С. 78-84
|d 1986
|
| 610 |
1 |
|
|a труды учёных ТПУ
|
| 700 |
|
1 |
|a Блинова
|b Л. С.
|
| 701 |
|
1 |
|a Носенко
|b В. Н.
|
| 701 |
|
1 |
|a Коробочкина
|b В. Г.
|c ХТФ
|f 1956-
|g Вера Геннадьевна
|3 (RuTPU)RU\TPU\pers\3327
|
| 801 |
|
1 |
|a RU
|b 63413507
|c 20020507
|g PSBO
|
| 801 |
|
2 |
|a RU
|b 63413507
|c 20091029
|g PSBO
|
| 942 |
|
|
|c BK
|